[Event "Campeonato de España Rapid 2017"]
[Site "Linares"]
[Date "2017.08.13"]
[Round "2"]
[White "Domingo Nunez, Ruben"]
[Black "Bernal Moro, Luis Javier"]
[Result "0-1"]
[Board "31"]
[WhiteTitle "FM"]
[WhiteElo "2116"]
[WhiteCountry "ESP"]
[WhiteFideId "22245570"]
[WhiteEloChange "-3"]
[BlackTitle "IM"]
[BlackElo "2434"]
[BlackCountry "ESP"]
[BlackFideId "2200236"]
[BlackEloChange "1"]

1. e4 {[%clk 0:15:05]} c5 {[%clk 0:15:05]} 2. b3 {[%clk 0:15:05]} g6 {[%clk
0:15:05]} 3. Bb2 {[%clk 0:15:05]} Nf6 {[%clk 0:15:05]} 4. g3 {[%clk 0:15:05]} Bg7
{[%clk 0:15:05]} 5. Bg2 {[%clk 0:15:05]} O-O {[%clk 0:15:05]} 6. Ne2 {[%clk
0:15:05]} Nc6 {[%clk 0:15:05]} 7. O-O {[%clk 0:15:05]} d6 {[%clk 0:15:05]} 8. h3
{[%clk 0:15:05]} Rb8 {[%clk 0:15:05]} 9. a4 {[%clk 0:15:05]} a6 {[%clk 0:15:05]}
10. f4 {[%clk 0:15:05]} Bd7 {[%clk 0:15:05]} 11. d3 {[%clk 0:15:05]} b5 {[%clk
0:15:05]} 12. Qc1 {[%clk 0:15:05]} Nb4 {[%clk 0:15:05]} 13. axb5 {[%clk 0:15:05]}
axb5 {[%clk 0:15:05]} 14. Nd2 {[%clk 0:15:05]} Qb6 {[%clk 0:15:05]} 15. Kh2
{[%clk 0:15:05]} Bc6 {[%clk 0:15:05]} 16. Bc3 {[%clk 0:15:05]} Bb7 {[%clk
0:15:05]} 17. d4 {[%clk 0:15:05]} e6 {[%clk 0:15:05]} 18. Qb2 {[%clk 0:15:05]}
Qd8 {[%clk 0:15:05]} 19. Rfd1 {[%clk 0:15:05]} Qe7 {[%clk 0:15:05]} 20. dxc5
{[%clk 0:15:05]} dxc5 {[%clk 0:15:05]} 21. Be5 {[%clk 0:15:05]} Ra8 {[%clk
0:15:05]} 22. Nc3 {[%clk 0:15:05]} Rxa1 {[%clk 0:15:05]} 23. Rxa1 {[%clk
0:15:05]} Rd8 {[%clk 0:15:05]} 24. Nf1 {[%clk 0:15:05]} Bc6 {[%clk 0:15:05]} 25.
Rd1 {[%clk 0:15:05]} Be8 {[%clk 0:15:05]} 26. Ne3 {[%clk 0:15:05]} Rxd1 {[%clk
0:15:05]} 27. Ncxd1 {[%clk 0:15:05]} Nc6 {[%clk 0:15:05]} 28. Bc3 {[%clk
0:15:05]} h5 {[%clk 0:15:05]} 29. Qa1 {[%clk 0:15:05]} h4 {[%clk 0:15:05]} 30. g4
{[%clk 0:15:05]} Nd4 {[%clk 0:15:05]} 31. e5 {[%clk 0:15:05]} Nd7 {[%clk
0:15:05]} 32. Bxd4 {[%clk 0:15:05]} cxd4 {[%clk 0:15:05]} 33. Qxd4 {[%clk
0:15:05]} g5 {[%clk 0:15:05]} 34. Qd6 {[%clk 0:15:05]} Qd8 {[%clk 0:15:05]} 35.
Nf2 {[%clk 0:15:05]} gxf4 {[%clk 0:15:05]} 36. Nf5 {[%clk 0:15:05]} Bxe5 {[%clk
0:15:05]} 37. Ne7+ {[%clk 0:15:05]} Kg7 {[%clk 0:15:05]} 38. Qb4 {[%clk 0:15:05]}
f3+ {[%clk 0:15:05]} 39. Kg1 {[%clk 0:15:05]} fxg2 {[%clk 0:15:05]} 40. Nc6
{[%clk 0:15:05]} Qf6 {[%clk 0:15:05]} 41. Qe1 {[%clk 0:15:05]} Bg3 {[%clk
0:15:05]} 42. Kxg2 {[%clk 0:15:05]} Nc5 {[%clk 0:15:05]} 43. Nb4 {[%clk 0:15:05]}
Qd4 {[%clk 0:15:05]} 44. c3 {[%clk 0:15:05]} Qd6 {[%clk 0:15:05]} 45. Qe2 {[%clk
0:15:05]} Qe5 {[%clk 0:15:05]} 46. Qd2 {[%clk 0:15:05]} Bf4 {[%clk 0:15:05]} 47.
Qd8 {[%clk 0:15:05]} Be3 {[%clk 0:15:05]} 48. Nbd3 {[%clk 0:15:05]} Bc6+ {[%clk
0:15:05]} 49. Kf1 {[%clk 0:15:05]} Nxd3 {[%clk 0:15:05]} 50. Nxd3 {[%clk
0:15:05]} Qxc3 {[%clk 0:15:05]} 51. Ke2 {[%clk 0:15:05]} Qd2+ {[%clk 0:15:05]}
52. Kf1 {[%clk 0:15:05]} Qd1+ {[%clk 0:15:05]} 53. Ne1 {[%clk 0:15:05]} Qxd8
{[%clk 0:15:05]} 0-1

[Event "Campeonato de España Rapid 2017"]
[Site "Linares"]
[Date "2017.08.13"]
[Round "2"]
[White "Espinosa Aranda, Angel"]
[Black "Buendia Pinar, Alvaro"]
[Result "1-0"]
[Board "32"]
[WhiteTitle "IM"]
[WhiteElo "2425"]
[WhiteCountry "ESP"]
[WhiteFideId "2278189"]
[WhiteEloChange "1"]
[BlackTitle "FM"]
[BlackElo "2114"]
[BlackCountry "ESP"]
[BlackFideId "2281937"]
[BlackEloChange "-3"]

1. Nf3 {[%clk 0:15:05]} Nf6 {[%clk 0:15:05]} 2. g3 {[%clk 0:15:05]} e6 {[%clk
0:15:05]} 3. Bg2 {[%clk 0:15:05]} d5 {[%clk 0:15:05]} 4. O-O {[%clk 0:15:05]} Be7
{[%clk 0:15:05]} 5. c4 {[%clk 0:15:05]} O-O {[%clk 0:15:05]} 6. Ne5 {[%clk
0:15:05]} c5 {[%clk 0:15:05]} 7. cxd5 {[%clk 0:15:05]} exd5 {[%clk 0:15:05]} 8.
d4 {[%clk 0:15:05]} Nc6 {[%clk 0:15:05]} 9. e3 {[%clk 0:15:05]} Bd6 {[%clk
0:15:05]} 10. f4 {[%clk 0:15:05]} cxd4 {[%clk 0:15:05]} 11. exd4 {[%clk 0:15:05]}
Qb6 {[%clk 0:15:05]} 12. Nc3 {[%clk 0:15:05]} Nxe5 {[%clk 0:15:05]} 13. fxe5
{[%clk 0:15:05]} Bxe5 {[%clk 0:15:05]} 14. Be3 {[%clk 0:15:05]} Ng4 {[%clk
0:15:05]} 15. Nxd5 {[%clk 0:15:05]} Nxe3 {[%clk 0:15:05]} 16. Nxb6 {[%clk
0:15:05]} Nxd1 {[%clk 0:15:05]} 17. dxe5 {[%clk 0:15:05]} axb6 {[%clk 0:15:05]}
18. Rfxd1 {[%clk 0:15:05]} Ra5 {[%clk 0:15:05]} 19. Rd6 {[%clk 0:15:05]} Rxe5
{[%clk 0:15:05]} 20. Rxb6 {[%clk 0:15:05]} Rd8 {[%clk 0:15:05]} 21. Bxb7 {[%clk
0:15:05]} Bxb7 {[%clk 0:15:05]} 22. Rxb7 {[%clk 0:15:05]} f6 {[%clk 0:15:05]} 23.
Rf1 {[%clk 0:15:05]} h5 {[%clk 0:15:05]} 24. Rb4 {[%clk 0:15:05]} Kh7 {[%clk
0:15:05]} 25. Rf2 {[%clk 0:15:05]} Kg6 {[%clk 0:15:05]} 26. Kg2 {[%clk 0:15:05]}
Rd1 {[%clk 0:15:05]} 27. a4 {[%clk 0:15:05]} Rd3 {[%clk 0:15:05]} 28. Rbf4 {[%clk
0:15:05]} Rb3 {[%clk 0:15:05]} 29. R4f3 {[%clk 0:15:05]} Rb4 {[%clk 0:15:05]} 30.
Ra3 {[%clk 0:15:05]} h4 {[%clk 0:15:05]} 31. a5 {[%clk 0:15:05]} Rbb5 {[%clk
0:15:05]} 32. a6 {[%clk 0:15:05]} Ra5 {[%clk 0:15:05]} 33. Rff3 {[%clk 0:15:05]}
Reb5 {[%clk 0:15:05]} 34. Rxa5 {[%clk 0:15:05]} Rxa5 {[%clk 0:15:05]} 35. Ra3
{[%clk 0:15:05]} 1-0

[Event "Campeonato de España Rapid 2017"]
[Site "Linares"]
[Date "2017.08.13"]
[Round "3"]
[White "Anton Guijarro, David"]
[Black "Ortega Ruiz, Jose Miguel"]
[Result "1-0"]
[Board "1"]
[WhiteTitle "GM"]
[WhiteElo "2715"]
[WhiteCountry "ESP"]
[WhiteFideId "2285525"]
[WhiteEloChange "2"]
[BlackTitle "FM"]
[BlackElo "2447"]
[BlackCountry "ESP"]
[BlackFideId "2209713"]
[BlackEloChange "-2"]

1. Nf3 {[%clk 0:15:06]} Nf6 {[%clk 0:15:07]} 2. c4 {[%clk 0:15:06]} Nc6 {[%clk
0:15:07]} 3. g3 {[%clk 0:14:31]} e5 {[%clk 0:15:10]} 4. Bg2 {[%clk 0:14:34]} d5
{[%clk 0:15:13]} 5. cxd5 {[%clk 0:14:36]} Nxd5 {[%clk 0:15:17]} 6. O-O {[%clk
0:14:37]} Be7 {[%clk 0:15:20]} 7. d4 {[%clk 0:14:30]} exd4 {[%clk 0:13:52]} 8.
Nxd4 {[%clk 0:14:31]} Nxd4 {[%clk 0:13:53]} 9. Qxd4 {[%clk 0:14:33]} Nf6 {[%clk
0:13:56]} 10. Qa4+ {[%clk 0:13:42]} c6 {[%clk 0:13:59]} 11. Rd1 {[%clk 0:13:33]}
Qb6 {[%clk 0:13:57]} 12. Be3 {[%clk 0:12:38]} Bc5 {[%clk 0:14:00]} 13. Bxc5
{[%clk 0:11:57]} Qxc5 {[%clk 0:14:04]} 14. Nc3 {[%clk 0:10:45]} O-O {[%clk
0:14:04]} 15. Rac1 {[%clk 0:10:46]} Qb6 {[%clk 0:14:04]} 16. Qa3 {[%clk 0:10:51]}
Ng4 {[%clk 0:13:00]} 17. Ne4 {[%clk 0:10:50]} Bf5 {[%clk 0:13:00]} 18. Nc5 {[%clk
0:10:37]} Rad8 {[%clk 0:12:28]} 19. h3 {[%clk 0:09:07]} Nf6 {[%clk 0:11:55]} 20.
b4 {[%clk 0:09:10]} Bc8 {[%clk 0:11:23]} 21. e3 {[%clk 0:07:56]} h6 {[%clk
0:11:06]} 22. g4 {[%clk 0:07:50]} a6 {[%clk 0:10:25]} 23. Qa5 {[%clk 0:07:34]}
Qxa5 {[%clk 0:10:22]} 24. bxa5 {[%clk 0:07:38]} Nd7 {[%clk 0:09:44]} 25. Ne4
{[%clk 0:07:37]} Ne5 {[%clk 0:09:40]} 26. Nd6 {[%clk 0:07:20]} Rd7 {[%clk
0:09:29]} 27. f4 {[%clk 0:07:02]} Ng6 {[%clk 0:09:31]} 28. Nxc8 {[%clk 0:06:38]}
Rxd1+ {[%clk 0:09:34]} 29. Rxd1 {[%clk 0:06:42]} Rxc8 {[%clk 0:09:38]} 30. Rd7
{[%clk 0:06:07]} Rb8 {[%clk 0:09:43]} 31. Bf1 {[%clk 0:05:53]} Nf8 {[%clk
0:09:47]} 32. Re7 {[%clk 0:05:43]} Ne6 {[%clk 0:09:50]} 33. Bc4 {[%clk 0:05:23]}
Kf8 {[%clk 0:09:43]} 34. Rd7 {[%clk 0:05:27]} Nd8 {[%clk 0:09:49]} 35. Rc7 {[%clk
0:04:59]} Ke8 {[%clk 0:09:50]} 36. Kf2 {[%clk 0:04:38]} b5 {[%clk 0:09:30]} 37.
axb6 {[%clk 0:04:42]} Rxb6 {[%clk 0:09:34]} 38. Ra7 {[%clk 0:04:47]} Rb4 {[%clk
0:09:38]} 39. Be2 {[%clk 0:04:51]} Nb7 {[%clk 0:08:55]} 40. Rxa6 {[%clk 0:04:52]}
Kd7 {[%clk 0:08:44]} 41. Bf3 {[%clk 0:04:24]} Rb2+ {[%clk 0:08:37]} 42. Kg3
{[%clk 0:04:28]} Rc2 {[%clk 0:08:38]} 43. a4 {[%clk 0:04:07]} Rc3 {[%clk
0:08:31]} 44. Kf2 {[%clk 0:03:54]} Rc2+ {[%clk 0:08:20]} 45. Ke1 {[%clk 0:03:58]}
Nc5 {[%clk 0:08:14]} 46. Kd1 {[%clk 0:03:23]} Rh2 {[%clk 0:07:29]} 47. Ra7+
{[%clk 0:03:04]} Kd6 {[%clk 0:07:23]} 48. Rxf7 {[%clk 0:02:51]} Nxa4 {[%clk
0:07:24]} 49. Rxg7 {[%clk 0:02:51]} Rxh3 {[%clk 0:07:18]} 50. Rg6+ {[%clk
0:02:50]} Ke7 {[%clk 0:06:39]} 51. Bxc6 {[%clk 0:02:54]} Nb2+ {[%clk 0:06:43]}
52. Ke2 {[%clk 0:02:42]} Rh2+ {[%clk 0:06:44]} 53. Kf3 {[%clk 0:02:40]} Nc4
{[%clk 0:06:38]} 54. Ke4 {[%clk 0:02:16]} Rh3 {[%clk 0:06:32]} 55. f5 {[%clk
0:02:09]} Nxe3 {[%clk 0:06:32]} 56. Kf4 {[%clk 0:01:53]} Nc2 {[%clk 0:05:32]} 57.
Bd5 {[%clk 0:01:52]} Nd4 {[%clk 0:05:31]} 58. f6+ {[%clk 0:01:47]} Kd6 {[%clk
0:05:28]} 59. Ke4 {[%clk 0:01:33]} Nf3 {[%clk 0:04:26]} 60. f7+ {[%clk 0:01:12]}
Ke7 {[%clk 0:04:30]} 61. Rg8 {[%clk 0:00:51]} Ng5+ {[%clk 0:04:34]} 62. Kf4
{[%clk 0:00:52]} Nh7 {[%clk 0:03:41]} 63. Re8+ {[%clk 0:00:53]} Kd6 {[%clk
0:03:46]} 64. Be4 {[%clk 0:00:48]} Rh2 {[%clk 0:03:47]} 65. Kg3 {[%clk 0:00:39]}
1-0

[Event "Campeonato de España Rapid 2017"]
[Site "Linares"]
[Date "2017.08.13"]
[Round "3"]
[White "Fedorchuk, Sergey A."]
[Black "Matnadze, Ana"]
[Result "1-0"]
[Board "3"]
[WhiteTitle "GM"]
[WhiteElo "2678"]
[WhiteCountry "UKR"]
[WhiteFideId "14102536"]
[WhiteEloChange "2"]
[BlackTitle "IM"]
[BlackElo "2436"]
[BlackCountry "ESP"]
[BlackFideId "13601377"]
[BlackEloChange "-2"]

1. e4 {[%clk 0:14:35]} c5 {[%clk 0:15:08]} 2. Nf3 {[%clk 0:14:37]} d6 {[%clk
0:15:11]} 3. d4 {[%clk 0:14:40]} cxd4 {[%clk 0:15:15]} 4. Qxd4 {[%clk 0:14:39]}
Nc6 {[%clk 0:15:17]} 5. Bb5 {[%clk 0:14:41]} Bd7 {[%clk 0:15:20]} 6. Qd3 {[%clk
0:14:42]} h6 {[%clk 0:15:22]} 7. O-O {[%clk 0:13:49]} Nf6 {[%clk 0:15:13]} 8. c4
{[%clk 0:13:44]} e6 {[%clk 0:15:09]} 9. Nc3 {[%clk 0:13:19]} Be7 {[%clk 0:15:06]}
10. Bf4 {[%clk 0:12:52]} a6 {[%clk 0:14:44]} 11. Bxc6 {[%clk 0:11:16]} Bxc6
{[%clk 0:14:48]} 12. Rfd1 {[%clk 0:11:05]} e5 {[%clk 0:14:49]} 13. Be3 {[%clk
0:11:08]} O-O {[%clk 0:13:53]} 14. a4 {[%clk 0:10:50]} Nxe4 {[%clk 0:13:16]} 15.
Nxe4 {[%clk 0:08:03]} f5 {[%clk 0:13:19]} 16. Nxd6 {[%clk 0:02:45]} e4 {[%clk
0:13:22]} 17. Qb3 {[%clk 0:02:48]} exf3 {[%clk 0:13:16]} 18. c5+ {[%clk 0:02:43]}
Kh7 {[%clk 0:13:16]} 19. Nxf5 {[%clk 0:01:23]} Qe8 {[%clk 0:11:46]} 20. Qd3
{[%clk 0:01:19]} Bf6 {[%clk 0:07:54]} 21. Ne7+ {[%clk 0:00:52]} g6 {[%clk
0:06:57]} 22. Nxc6 {[%clk 0:00:53]} bxc6 {[%clk 0:06:43]} 23. Qd7+ {[%clk
0:00:51]} Rf7 {[%clk 0:06:36]} 24. Qxe8 {[%clk 0:00:49]} Rxe8 {[%clk 0:06:40]}
25. Rd6 {[%clk 0:00:38]} Rb8 {[%clk 0:02:40]} 26. Rxc6 {[%clk 0:00:41]} Rxb2
{[%clk 0:02:37]} 27. Rxf6 {[%clk 0:00:35]} Rxf6 {[%clk 0:02:32]} 28. Bd4 {[%clk
0:00:40]} Rc2 {[%clk 0:02:14]} 29. Bxf6 {[%clk 0:00:41]} Rxc5 {[%clk 0:02:18]}
30. gxf3 {[%clk 0:00:39]} Rf5 {[%clk 0:02:15]} 31. Bd4 {[%clk 0:00:38]} Rxf3
{[%clk 0:02:17]} 32. Rc1 {[%clk 0:00:35]} g5 {[%clk 0:02:18]} 33. Rc7+ {[%clk
0:00:36]} Kg6 {[%clk 0:02:19]} 34. Rc6+ {[%clk 0:00:40]} Kh5 {[%clk 0:02:23]} 35.
Rxa6 {[%clk 0:00:43]} Rd3 {[%clk 0:02:25]} 36. Be3 {[%clk 0:00:45]} Kg4 {[%clk
0:02:29]} 37. Rxh6 {[%clk 0:00:40]} Ra3 {[%clk 0:02:28]} 38. h3+ {[%clk 0:00:40]}
Kf3 {[%clk 0:02:29]} 39. Rf6+ {[%clk 0:00:44]} Ke4 {[%clk 0:02:32]} 40. Ra6
{[%clk 0:00:48]} Ra1+ {[%clk 0:02:25]} 41. Kg2 {[%clk 0:00:51]} Kf5 {[%clk
0:02:31]} 42. Ra5+ {[%clk 0:00:52]} Kg6 {[%clk 0:02:34]} 43. Bxg5 {[%clk
0:00:55]} Ra2 {[%clk 0:02:34]} 44. Be3 {[%clk 0:00:58]} 1-0

[Event "Campeonato de España Rapid 2017"]
[Site "Linares"]
[Date "2017.08.13"]
[Round "3"]
[White "Perez Mitjans, Orelvis"]
[Black "Salgado Lopez, Ivan"]
[Result "0-1"]
[Board "4"]
[WhiteTitle "GM"]
[WhiteElo "2435"]
[WhiteCountry "ESP"]
[WhiteFideId "3502856"]
[WhiteEloChange "-2"]
[BlackTitle "GM"]
[BlackElo "2666"]
[BlackCountry "ESP"]
[BlackFideId "2257327"]
[BlackEloChange "2"]

1. e4 {[%clk 0:15:05]} c6 {[%clk 0:11:06]} 2. Nf3 {[%clk 0:14:54]} d5 {[%clk
0:11:08]} 3. Nc3 {[%clk 0:14:57]} g6 {[%clk 0:11:09]} 4. d4 {[%clk 0:14:53]} Bg7
{[%clk 0:11:12]} 5. h3 {[%clk 0:14:47]} dxe4 {[%clk 0:11:14]} 6. Nxe4 {[%clk
0:14:51]} Nf6 {[%clk 0:11:17]} 7. Nxf6+ {[%clk 0:14:48]} exf6 {[%clk 0:11:21]} 8.
Bc4 {[%clk 0:14:25]} O-O {[%clk 0:11:19]} 9. O-O {[%clk 0:14:28]} Nd7 {[%clk
0:11:12]} 10. Re1 {[%clk 0:14:23]} Nb6 {[%clk 0:11:13]} 11. Bb3 {[%clk 0:14:24]}
a5 {[%clk 0:11:15]} 12. a3 {[%clk 0:14:20]} a4 {[%clk 0:11:18]} 13. Ba2 {[%clk
0:14:25]} Nd5 {[%clk 0:11:14]} 14. c4 {[%clk 0:12:57]} Nc7 {[%clk 0:11:09]} 15.
Bd2 {[%clk 0:12:55]} Be6 {[%clk 0:11:00]} 16. Bc3 {[%clk 0:12:34]} Qd7 {[%clk
0:10:41]} 17. Nd2 {[%clk 0:10:38]} f5 {[%clk 0:10:23]} 18. Nf3 {[%clk 0:10:41]}
f6 {[%clk 0:08:29]} 19. Qc2 {[%clk 0:07:37]} Bf7 {[%clk 0:07:56]} 20. Bb4 {[%clk
0:07:22]} Rfe8 {[%clk 0:07:59]} 21. Rxe8+ {[%clk 0:07:24]} Nxe8 {[%clk 0:08:02]}
22. Re1 {[%clk 0:07:25]} Bf8 {[%clk 0:07:44]} 23. Bxf8 {[%clk 0:07:17]} Kxf8
{[%clk 0:07:47]} 24. Qd2 {[%clk 0:07:00]} Nd6 {[%clk 0:07:23]} 25. Qb4 {[%clk
0:06:05]} Kg8 {[%clk 0:06:58]} 26. d5 {[%clk 0:03:59]} Ne4 {[%clk 0:06:42]} 27.
Rd1 {[%clk 0:03:46]} c5 {[%clk 0:06:38]} 28. Qe1 {[%clk 0:03:42]} b6 {[%clk
0:06:13]} 29. Qe2 {[%clk 0:03:35]} Re8 {[%clk 0:05:50]} 30. Qc2 {[%clk 0:03:45]}
Nd6 {[%clk 0:05:49]} 31. Qc3 {[%clk 0:03:23]} Kg7 {[%clk 0:05:30]} 32. Bb1 {[%clk
0:03:21]} h6 {[%clk 0:05:03]} 33. Re1 {[%clk 0:02:58]} Rxe1+ {[%clk 0:05:00]} 34.
Nxe1 {[%clk 0:03:02]} b5 {[%clk 0:04:16]} 35. cxb5 {[%clk 0:02:55]} Qxb5 {[%clk
0:04:17]} 36. Nd3 {[%clk 0:02:54]} Ne4 {[%clk 0:04:08]} 37. Qc1 {[%clk 0:02:41]}
c4 {[%clk 0:04:00]} 38. Nf4 {[%clk 0:02:43]} Bxd5 {[%clk 0:03:59]} 39. Bxe4
{[%clk 0:02:08]} fxe4 {[%clk 0:03:49]} 40. Qe3 {[%clk 0:01:08]} Bf7 {[%clk
0:03:20]} 41. Qd4 {[%clk 0:01:10]} g5 {[%clk 0:03:04]} 42. Ne2 {[%clk 0:01:15]}
Qd5 {[%clk 0:03:07]} 43. Qe3 {[%clk 0:00:21]} Qd3 {[%clk 0:02:18]} 44. Nc3 {[%clk
0:00:23]} Qc2 {[%clk 0:02:19]} 45. Qb6 {[%clk 0:00:15]} h5 {[%clk 0:01:10]} 46.
g3 {[%clk 0:00:18]} h4 {[%clk 0:01:10]} 47. g4 {[%clk 0:00:19]} Qc1+ {[%clk
0:01:00]} 48. Kg2 {[%clk 0:00:21]} Qf4 {[%clk 0:01:01]} 49. Qe3 {[%clk 0:00:18]}
Qxe3 {[%clk 0:00:50]} 50. fxe3 {[%clk 0:00:22]} Be8 {[%clk 0:00:55]} 51. Kf2
{[%clk 0:00:21]} Bc6 {[%clk 0:00:59]} 52. Ne2 {[%clk 0:00:18]} f5 {[%clk
0:00:54]} 53. Nd4 {[%clk 0:00:18]} Bd7 {[%clk 0:00:58]} 54. gxf5 {[%clk 0:00:20]}
Kf6 {[%clk 0:01:02]} 55. Kg2 {[%clk 0:00:15]} Bxf5 {[%clk 0:01:00]} 56. Nb5
{[%clk 0:00:18]} Ke5 {[%clk 0:00:57]} 57. Kh2 {[%clk 0:00:13]} Bd7 {[%clk
0:01:00]} 58. Nc3 {[%clk 0:00:14]} Bc6 {[%clk 0:00:52]} 59. Kg2 {[%clk 0:00:17]}
Kf5 {[%clk 0:00:42]} 60. Ne2 {[%clk 0:00:21]} Bd7 {[%clk 0:00:41]} 61. Nc3 {[%clk
0:00:24]} g4 {[%clk 0:00:34]} 62. hxg4+ {[%clk 0:00:22]} Kxg4 {[%clk 0:00:44]}
63. Nd5 {[%clk 0:00:13]} h3+ {[%clk 0:00:39]} 64. Kf2 {[%clk 0:00:15]} h2 {[%clk
0:00:34]} 65. Kg2 {[%clk 0:00:19]} h1Q+ {[%clk 0:00:36]} 66. Kxh1 {[%clk
0:00:23]} Kf3 {[%clk 0:00:40]} 67. Kg1 {[%clk 0:00:19]} Bc6 {[%clk 0:00:42]} 68.
Ne7 {[%clk 0:00:12]} Bb7 {[%clk 0:00:45]} 69. Nf5 {[%clk 0:00:23]} Ke2 {[%clk
0:00:46]} 70. Kg2 {[%clk 0:00:24]} Kd2 {[%clk 0:00:49]} 71. Nd6 {[%clk 0:00:25]}
Bd5 {[%clk 0:00:53]} 72. Kf2 {[%clk 0:00:23]} Kc1 {[%clk 0:00:56]} 0-1

[Event "Campeonato de España Rapid 2017"]
[Site "Linares"]
[Date "2017.08.13"]
[Round "3"]
[White "Bruzon Batista, Lazaro"]
[Black "Cuenca Jimenez, Jose Fernando"]
[Result "1-0"]
[Board "5"]
[WhiteTitle "GM"]
[WhiteElo "2648"]
[WhiteCountry "CUB"]
[WhiteFideId "3503739"]
[WhiteEloChange "2"]
[BlackTitle "GM"]
[BlackElo "2434"]
[BlackCountry "ESP"]
[BlackFideId "2255570"]
[BlackEloChange "-2"]

1. d4 {[%clk 0:15:07]} Nf6 {[%clk 0:15:09]} 2. c4 {[%clk 0:15:12]} g6 {[%clk
0:15:12]} 3. Nf3 {[%clk 0:15:13]} Bg7 {[%clk 0:15:16]} 4. g3 {[%clk 0:15:17]} O-O
{[%clk 0:15:19]} 5. Bg2 {[%clk 0:15:21]} d6 {[%clk 0:15:23]} 6. O-O {[%clk
0:15:24]} Nc6 {[%clk 0:15:24]} 7. Nc3 {[%clk 0:15:21]} a6 {[%clk 0:15:29]} 8. Bf4
{[%clk 0:15:06]} Rb8 {[%clk 0:15:32]} 9. Rc1 {[%clk 0:15:09]} h6 {[%clk 0:15:37]}
10. h3 {[%clk 0:14:52]} g5 {[%clk 0:15:32]} 11. Bd2 {[%clk 0:14:44]} e5 {[%clk
0:15:35]} 12. d5 {[%clk 0:14:07]} Ne7 {[%clk 0:15:29]} 13. e4 {[%clk 0:14:10]} b5
{[%clk 0:15:04]} 14. cxb5 {[%clk 0:14:14]} axb5 {[%clk 0:15:09]} 15. Ne1 {[%clk
0:14:13]} c6 {[%clk 0:13:51]} 16. dxc6 {[%clk 0:14:08]} Nxc6 {[%clk 0:13:55]} 17.
Nd3 {[%clk 0:14:11]} Be6 {[%clk 0:09:58]} 18. Nd5 {[%clk 0:14:08]} Ne7 {[%clk
0:09:19]} 19. N3b4 {[%clk 0:13:19]} Nfxd5 {[%clk 0:08:34]} 20. exd5 {[%clk
0:13:21]} Bf5 {[%clk 0:07:39]} 21. Nc6 {[%clk 0:13:16]} Nxc6 {[%clk 0:07:41]} 22.
dxc6 {[%clk 0:13:19]} Qc7 {[%clk 0:07:27]} 23. Bb4 {[%clk 0:13:22]} Rfd8 {[%clk
0:07:05]} 24. Ba5 {[%clk 0:10:34]} Qxa5 {[%clk 0:06:54]} 25. c7 {[%clk 0:10:38]}
Rbc8 {[%clk 0:05:47]} 26. cxd8Q+ {[%clk 0:10:35]} Rxd8 {[%clk 0:05:49]} 27. Bd5
{[%clk 0:10:30]} Bxh3 {[%clk 0:05:31]} 28. Re1 {[%clk 0:09:59]} Bf5 {[%clk
0:03:53]} 29. Qh5 {[%clk 0:08:22]} Rf8 {[%clk 0:03:58]} 30. Red1 {[%clk 0:08:26]}
Qb4 {[%clk 0:03:00]} 31. Qe2 {[%clk 0:08:29]} e4 {[%clk 0:00:34]} 32. Rc7 {[%clk
0:06:55]} Bg6 {[%clk 0:00:21]} 33. Bb3 {[%clk 0:06:22]} Be5 {[%clk 0:00:14]} 34.
Rb7 {[%clk 0:05:57]} Qc5 {[%clk 0:00:06]} 35. Rxb5 {[%clk 0:05:55]} Qa7 {[%clk
0:00:10]} 36. Kg2 {[%clk 0:05:27]} Re8 {[%clk 0:00:09]} 37. Bd5 {[%clk 0:05:26]}
Kg7 {[%clk 0:00:02]} 38. Rb7 {[%clk 0:05:29]} Qa5 {[%clk 0:00:08]} 39. b4 {[%clk
0:04:41]} Qa3 {[%clk 0:00:09]} 40. Bb3 {[%clk 0:04:41]} Qa8 {[%clk 0:00:08]} 41.
Bd5 {[%clk 0:04:40]} Qa3 {[%clk 0:00:12]} 42. Qe3 {[%clk 0:04:33]} Qb2 {[%clk
0:00:12]} 43. Rd2 {[%clk 0:04:19]} Qa1 {[%clk 0:00:10]} 44. Qb3 {[%clk 0:03:50]}
e3 {[%clk 0:00:08]} 45. Qxe3 {[%clk 0:03:51]} Rc8 {[%clk 0:00:09]} 46. Qf3 {[%clk
0:03:37]} Bf6 {[%clk 0:00:08]} 47. Bxf7 {[%clk 0:03:28]} Bxf7 {[%clk 0:00:02]}
48. Rxf7+ {[%clk 0:03:31]} 1-0

[Event "Campeonato de España Rapid 2017"]
[Site "Linares"]
[Date "2017.08.13"]
[Round "3"]
[White "Bernal Moro, Luis Javier"]
[Black "Iturrizaga Bonelli, Eduardo"]
[Result "0-1"]
[Board "6"]
[WhiteTitle "IM"]
[WhiteElo "2434"]
[WhiteCountry "ESP"]
[WhiteFideId "2200236"]
[WhiteEloChange "-2"]
[BlackTitle "GM"]
[BlackElo "2647"]
[BlackCountry "VEN"]
[BlackFideId "3901211"]
[BlackEloChange "2"]

1. Nf3 {[%clk 0:15:08]} c5 {[%clk 0:15:01]} 2. c4 {[%clk 0:15:11]} g6 {[%clk
0:15:04]} 3. e4 {[%clk 0:15:08]} Bg7 {[%clk 0:15:05]} 4. d4 {[%clk 0:15:12]} cxd4
{[%clk 0:15:09]} 5. Nxd4 {[%clk 0:15:16]} Nc6 {[%clk 0:15:13]} 6. Nc2 {[%clk
0:15:18]} d6 {[%clk 0:15:13]} 7. Be2 {[%clk 0:15:20]} Be6 {[%clk 0:15:11]} 8. O-O
{[%clk 0:15:07]} Rc8 {[%clk 0:15:14]} 9. Ne3 {[%clk 0:14:20]} Nd4 {[%clk
0:14:49]} 10. Bd3 {[%clk 0:14:00]} Nf6 {[%clk 0:14:52]} 11. Nc3 {[%clk 0:14:02]}
O-O {[%clk 0:14:55]} 12. f4 {[%clk 0:13:26]} a6 {[%clk 0:14:59]} 13. f5 {[%clk
0:09:27]} Bd7 {[%clk 0:15:02]} 14. Ned5 {[%clk 0:09:27]} e6 {[%clk 0:14:45]} 15.
fxe6 {[%clk 0:08:23]} fxe6 {[%clk 0:14:48]} 16. Nxf6+ {[%clk 0:08:27]} Rxf6
{[%clk 0:14:21]} 17. Be3 {[%clk 0:08:17]} Qb6 {[%clk 0:14:00]} 18. Qd2 {[%clk
0:08:13]} Rxf1+ {[%clk 0:13:43]} 19. Bxf1 {[%clk 0:06:51]} Bh6 {[%clk 0:13:47]}
20. Kh1 {[%clk 0:06:45]} Nf3 {[%clk 0:12:21]} 21. Bxb6 {[%clk 0:05:47]} Nxd2
{[%clk 0:12:24]} 22. b3 {[%clk 0:04:08]} Bg7 {[%clk 0:12:28]} 23. Rc1 {[%clk
0:02:52]} Nxf1 {[%clk 0:12:22]} 24. Nb1 {[%clk 0:02:52]} Rf8 {[%clk 0:12:21]} 25.
Kg1 {[%clk 0:02:55]} Be5 {[%clk 0:12:18]} 26. g3 {[%clk 0:02:15]} Nxg3 {[%clk
0:12:20]} 27. hxg3 {[%clk 0:02:20]} Bxg3 {[%clk 0:12:24]} 28. Kg2 {[%clk
0:02:23]} Be5 {[%clk 0:12:25]} 29. Nd2 {[%clk 0:02:26]} Bc6 {[%clk 0:12:28]} 0-1